[Event "Barcelona Sant Marti op-B 24th"]
[Site "Barcelona"]
[Date "2024.07.16"]
[Round "4"]
[White "Pujal Moncho, Joaquim"]
[Black "Pistol, Mats Erik"]
[Result "1/2-1/2"]
[WhiteElo "1757"]
[BlackElo "1866"]
[PlyCount "89"]
[EventDate "2024.07.13"]
[EventType "swiss"]
[EventRounds "9"]
[EventCountry "ESP"]
[SourceTitle "EXT 2025"]
[Source "ChessBase"]
[SourceDate "2024.10.14"]
[SourceVersion "1"]
[SourceVersionDate "2024.10.14"]
[SourceQuality "1"]

1. d4 d5 2. e3 Nf6 3. f4 Bg4 4. Nf3 e6 5. Bd3 Ne4 6. 0-0 Bd6 7. c3 f5 8. Qc2 Bxf3 9. Rxf3 0-0 10. Bd2 Qh4 11. Bxe4 fxe4 12. Rh3 Qg4 13. Be1 Be7 14. Rg3 Qf5 15. Qe2 Nd7 16. Rh3 Nf6 17. Bh4 a6 18. Nd2 Rfe8 19. Bxf6 Bxf6 20. g4 Qg6 21. Kh1 Rf8 22. Rg1 Be7 23. Nf1 Rae8 24. Ng3 c5 25. f5 Qf7 26. Rf1 cxd4 27. exd4 Bd6 28. fxe6 Qxe6 29. Nf5 g6 30. Nxd6 Rxf1+ 31. Qxf1 Qxd6 32. Qe2 b5 33. Qe3 Rf8 34. Kg2 Qf6 35. Qe2 Qf4 36. Re3 Qg5 37. h3 Rf4 38. a4 h5 39. Rg3 hxg4 40. axb5 axb5 41. hxg4 Rf3 42. Qxb5 Rxg3+ 43. Kxg3 Qe3+ 44. Kh4 Qh6+ 45. Kg3 1/2-1/2

[Event "Barcelona Sant Marti op-A 18th"]
[Site "Barcelona"]
[Date "2016.07.19"]
[Round "7"]
[White "Tateo, Ida"]
[Black "Pistol, Mats Erik"]
[Result "0-1"]
[WhiteElo "1275"]
[BlackElo "1810"]
[PlyCount "82"]
[EventDate "2016.07.13"]
[EventType "swiss"]
[EventRounds "9"]
[EventCountry "ESP"]
[SourceTitle "CBM 173 Extra"]
[Source "ChessBase"]
[SourceDate "2016.08.29"]
[SourceVersion "1"]
[SourceVersionDate "2016.08.29"]
[SourceQuality "1"]

1. e4 e5 2. Nf3 Nc6 3. Bb5 a6 4. Ba4 Nf6 5. 0-0 Be7 6. Re1 b5 7. Bb3 0-0 8. h3 d6 9. c3 Na5 10. Bc2 c5 11. d4 Nd7 12. d5 c4 13. b4 Nb7 14. a4 Rb8 15. axb5 axb5 16. Nbd2 Re8 17. Nf1 Nf8 18. Be3 Ng6 19. Ng3 Bd7 20. Ra6 Ra8 21. Qa1 Qb8 22. Nf5 Bf8 23. Qa2 Ne7 24. Nxe7+ Bxe7 25. Ra1 Rxa6 26. Qxa6 Rc8 27. Bd1 Bd8 28. Qa7 Qxa7 29. Rxa7 Rb8 30. Ng5 h6 31. Nf3 Kf8 32. Ne1 Ke7 33. Ra6 Bc7 34. f4 exf4 35. Bxf4 f5 36. Bf3 g5 37. Be3 Nd8 38. exf5 Bxf5 39. Ra7 Rb7 40. Rxb7 Nxb7 41. Nc2 Bxc2 0-1

[Event "Barcelona Sant Marti op-A 18th"]
[Site "Barcelona"]
[Date "2016.07.13"]
[Round "1"]
[White "Pistol, Mats Erik"]
[Black "Yashas, Devappa"]
[Result "0-1"]
[WhiteElo "1810"]
[BlackElo "2201"]
[PlyCount "50"]
[EventDate "2016.07.13"]
[EventType "swiss"]
[EventRounds "9"]
[EventCountry "ESP"]
[SourceTitle "CBM 173 Extra"]
[Source "ChessBase"]
[SourceDate "2016.08.29"]
[SourceVersion "1"]
[SourceVersionDate "2016.08.29"]
[SourceQuality "1"]

1. e4 c5 2. Nf3 Nc6 3. Nc3 e5 4. Bc4 Be7 5. d3 Nf6 6. Nd2 d6 7. Nf1 Be6 8. Ne3 0-0 9. 0-0 a6 10. Ncd5 Rb8 11. c3 b5 12. Nxf6+ Bxf6 13. Bd5 Ne7 14. Bxe6 fxe6 15. Ng4 Nc6 16. f4 exf4 17. Bxf4 Bg5 18. Bxg5 Qxg5 19. Qe2 h5 20. Ne3 Ne5 21. d4 Ng6 22. Rxf8+ Rxf8 23. Rf1 Nf4 24. Qf3 Rf6 25. Kh1 Ng6 0-1

[Event "Deltalift op"]
[Site "Tylosand"]
[Date "2016.05.05"]
[Round "1"]
[White "Nilsson, Patrik"]
[Black "Pistol, Mats Erik"]
[Result "1-0"]
[WhiteElo "2155"]
[BlackElo "1813"]
[PlyCount "69"]
[EventDate "2016.05.05"]
[EventType "swiss"]
[EventRounds "8"]
[EventCountry "SWE"]
[SourceTitle "CBM 172 Extra"]
[Source "ChessBase"]
[SourceDate "2016.06.21"]
[SourceVersion "1"]
[SourceVersionDate "2016.06.21"]
[SourceQuality "1"]

1. e4 e5 2. Nf3 Nc6 3. d4 exd4 4. Bc4 Nf6 5. e5 d5 6. Bb5 Ne4 7. Nxd4 Bd7 8. Bxc6 bxc6 9. 0-0 Bc5 10. Be3 Bb6 11. f3 Ng5 12. f4 Ne4 13. Nd2 Nxd2 14. Qxd2 c5 15. Nf3 d4 16. Bf2 0-0 17. a4 a5 18. Qd3 Qc8 19. Rad1 Bf5 20. Qe2 Qe6 21. h3 h6 22. Kh2 Bh7 23. b3 Rad8 24. Bh4 Rde8 25. g4 f5 26. g5 h5 27. g6 Bxg6 28. Rg1 Bh7 29. Qg2 Qd7 30. Bf6 g6 31. Qg5 Re6 32. Nh4 Rfxf6 33. exf6 Re2+ 34. Rg2 Rxg2+ 35. Qxg2 1-0